Exportación Completada — 

Language change: Progess or decay

Guardado en:
Detalles Bibliográficos
Autor principal: JEAN AITCHISON
Formato: Libro
Lenguaje:Undetermined
Publicado: Cambridge, UK Cambridge Univ. Press 2001
Materias:
Etiquetas: Agregar Etiqueta
Sin Etiquetas, Sea el primero en etiquetar este registro!
Thư viện lưu trữ: Trung tâm Học liệu Trường Đại học Cần Thơ
LEADER 00488nam a2200181Ia 4500
001 CTU_49513
008 210402s9999 xx 000 0 und d
082 |a 417.7 
082 |b A311 
100 |a JEAN AITCHISON 
245 0 |a Language change: Progess or decay 
245 0 |c JEAN AITCHISON 
260 |a Cambridge, UK 
260 |b Cambridge Univ. Press 
260 |c 2001 
650 |a language and languages 
904 |i Minh 
980 |a Trung tâm Học liệu Trường Đại học Cần Thơ